[Event "BRA-ch Regional Centro Oeste"]
[Site "Brasilia"]
[Date "2016.08.12"]
[Round "1.10"]
[White "Santos, Samuel Silva"]
[Black "Moraes Silva, Carlos Alessandro"]
[Result "0-1"]
[WhiteElo "1464"]
[BlackElo "1805"]
[PlyCount "34"]
[EventDate "2016.08.12"]
[EventType "swiss"]
[EventRounds "6"]
[EventCountry "BRA"]
[SourceTitle "EXT 2022"]
[Source "ChessBase"]
[SourceDate "2021.10.06"]
[SourceVersion "1"]
[SourceVersionDate "2021.10.06"]
[SourceQuality "1"]

1. d4 Nf6 2. Nf3 d5 3. c4 c6 4. Nc3 Bf5 5. Bg5 Nbd7 6. e3 Qa5 7. Qa4 Qxa4 8. Nxa4 dxc4 9. Bxc4 b5 10. Bxf7+ Kxf7 11. Nc3 h6 12. Bf4 e5 13. 0-0 g5 14. Bxe5 Bg4 15. Bxf6 Kxf6 16. Nd2 Bb4 17. Nde4+ Ke7 0-1

[Event "BRA-ch Amateur"]
[Site "Brasilia"]
[Date "2016.06.18"]
[Round "4"]
[White "Taira, Erick Hideki"]
[Black "Santos, Samuel Silva"]
[Result "1-0"]
[WhiteElo "1664"]
[BlackElo "1447"]
[PlyCount "28"]
[EventDate "2016.06.17"]
[EventType "swiss"]
[EventRounds "6"]
[EventCountry "BRA"]
[SourceTitle "CBM 173 Extra"]
[Source "ChessBase"]
[SourceDate "2016.08.29"]
[SourceVersion "1"]
[SourceVersionDate "2016.08.29"]
[SourceQuality "1"]

1. e4 c6 2. d4 d5 3. exd5 cxd5 4. c4 e6 5. Nc3 Nf6 6. Nf3 Be7 7. Bg5 0-0 8. a3 h6 9. Bf4 Nbd7 10. Bd3 b6 11. 0-0 Bb7 12. Be3 Bd6 13. cxd5 Be7 14. Qc2 g6 1-0

[Event "Sao Sebastiao do Paraiso U14"]
[Site "Sao Sebastiao do Paraiso"]
[Date "2016.04.22"]
[Round "4.12"]
[White "Sangiovanni, Marcello Gouveia"]
[Black "Santos, Samuel Silva"]
[Result "1-0"]
[WhiteElo "1692"]
[BlackElo "1483"]
[PlyCount "27"]
[EventDate "2016.04.21"]
[EventType "swiss"]
[EventRounds "6"]
[EventCountry "BRA"]
[SourceTitle "EXT 2022"]
[Source "ChessBase"]
[SourceDate "2021.10.06"]
[SourceVersion "1"]
[SourceVersionDate "2021.10.06"]
[SourceQuality "1"]

1. e4 e5 2. Nf3 Nf6 3. Nxe5 d6 4. Nf3 Nxe4 5. Nc3 Nxc3 6. dxc3 Bg4 7. Be3 Nc6 8. Qd2 Qd7 9. 0-0-0 Ne5 10. Nxe5 dxe5 11. Qxd7+ Bxd7 12. Bd3 0-0-0 13. Bxa7 b6 14. Ba6# 1-0

[Event "Sao Sebastiao do Paraiso U14"]
[Site "Sao Sebastiao do Paraiso"]
[Date "2016.04.22"]
[Round "5.16"]
[White "Santos, Samuel Silva"]
[Black "Samper, Felipe Correa"]
[Result "1/2-1/2"]
[WhiteElo "1483"]
[BlackElo "1497"]
[PlyCount "30"]
[EventDate "2016.04.21"]
[EventType "swiss"]
[EventRounds "6"]
[EventCountry "BRA"]
[SourceTitle "EXT 2022"]
[Source "ChessBase"]
[SourceDate "2021.10.06"]
[SourceVersion "1"]
[SourceVersionDate "2021.10.06"]
[SourceQuality "1"]

1. d4 Nf6 2. c4 d5 3. Nc3 e6 4. Bf4 Bd6 5. Bxd6 Qxd6 6. cxd5 exd5 7. Nf3 0-0 8. e3 Nc6 9. Be2 Bf5 10. h3 Qd7 11. Bb5 Rfe8 12. Ne5 Qd6 13. 0-0 a6 14. Bxc6 bxc6 15. Qa4 c5 1/2-1/2

[Event "Brasilia Centro Oeste-ch"]
[Site "Brasilia"]
[Date "2015.05.15"]
[Round "6"]
[White "Santos, Samuel Silva"]
[Black "Zandonai Ignacio, Antonio Carlos"]
[Result "0-1"]
[WhiteElo "1621"]
[BlackElo "1819"]
[PlyCount "48"]
[EventDate "2015.05.15"]
[EventType "swiss"]
[EventRounds "6"]
[EventCountry "BRA"]
[SourceTitle "CBM 166 Extra"]
[Source "ChessBase"]
[SourceDate "2015.06.18"]
[SourceVersion "1"]
[SourceVersionDate "2015.06.18"]
[SourceQuality "1"]

1. d4 Nf6 2. c4 g6 3. Nc3 Bg7 4. Nf3 0-0 5. e4 d6 6. Be2 e5 7. d5 Nbd7 8. 0-0 Nh5 9. Bd3 f5 10. Ng5 Nc5 11. Be2 Nf4 12. Bxf4 exf4 13. Nh3 fxe4 14. b4 Bxc3 15. Rb1 Nd7 16. Qc2 Be5 17. Qxe4 Nf6 18. Qd3 Bf5 19. Ng5 Bxd3 20. Bxd3 Qd7 21. Ne6 Rf7 22. Ng5 Rff8 23. Ne6 Nh5 24. Nxf8 Kxf8 0-1

[Event "Brasilia Centro Oeste-ch"]
[Site "Brasilia"]
[Date "2015.05.15"]
[Round "3"]
[White "Taira, Erick Hideki"]
[Black "Santos, Samuel Silva"]
[Result "1/2-1/2"]
[WhiteElo "1566"]
[BlackElo "1621"]
[PlyCount "49"]
[EventDate "2015.05.15"]
[EventType "swiss"]
[EventRounds "6"]
[EventCountry "BRA"]
[SourceTitle "CBM 166 Extra"]
[Source "ChessBase"]
[SourceDate "2015.06.18"]
[SourceVersion "1"]
[SourceVersionDate "2015.06.18"]
[SourceQuality "1"]

1. d4 Nf6 2. c4 g6 3. Nc3 Bg7 4. e4 d6 5. f3 0-0 6. Be3 Nc6 7. Qd2 e5 8. d5 Ne7 9. g4 Ne8 10. h4 f5 11. Be2 f4 12. Bf2 Bd7 13. Nh3 Bf6 14. 0-0-0 a6 15. Rdg1 b5 16. Kb1 Qb8 17. Be1 b4 18. Nd1 c5 19. b3 a5 20. Nb2 a4 21. Bd1 axb3 22. axb3 Qa7 23. Kc2 Qa1 24. Qc1 Qxc1+ 25. Kxc1 1/2-1/2

[Event "Brasilia FBX op"]
[Site "Brasilia"]
[Date "2015.03.01"]
[Round "4"]
[White "Santos, Samuel Silva"]
[Black "Da Silva, Andressa Muniz"]
[Result "0-1"]
[WhiteElo "1621"]
[BlackElo "1499"]
[PlyCount "138"]
[EventDate "2015.02.27"]
[EventType "swiss"]
[EventRounds "5"]
[EventCountry "BRA"]
[SourceTitle "CBM 165 Extra"]
[Source "ChessBase"]
[SourceDate "2015.04.21"]
[SourceVersion "1"]
[SourceVersionDate "2015.04.21"]
[SourceQuality "1"]

1. d4 d5 2. c4 e6 3. Nc3 Nf6 4. e3 Be7 5. Nf3 0-0 6. Bd3 c5 7. cxd5 Nxd5 8. Nxd5 Qxd5 9. 0-0 cxd4 10. Nxd4 Nc6 11. Nb5 Qd7 12. Nc3 Rd8 13. Be2 Qxd1 14. Bxd1 a6 15. Bf3 Ne5 16. Be4 f5 17. Bc2 b5 18. e4 fxe4 19. Bxe4 Ra7 20. Be3 Rad7 21. Bb6 Rf8 22. Rad1 Nc4 23. Rxd7 Bxd7 24. Bc7 Nxb2 25. Bb7 Bb4 26. Rc1 Bc8 27. Ba8 Bxc3 28. Rxc3 Nc4 29. Bc6 Rf7 30. Bd8 Bb7 31. Bxb7 Rxb7 32. g3 Rd7 33. Bg5 Rd1+ 34. Kg2 h6 35. Be7 Kf7 36. Bc5 Ra1 37. Rf3+ Kg8 38. a3 Nd2 39. Rf8+ Kh7 40. Ra8 Nc4 41. Rxa6 e5 42. Kf3 Ra2 43. Kg2 e4 44. Kh3 Rd2 45. Re6 Rd5 46. Bb4 Re5 47. Rxe5 Nxe5 48. Bd6 Nd3 49. Kg2 Ne1+ 50. Kf1 Nf3 51. g4 Kg6 52. Kg2 Kg5 53. Kg3 Kf6 54. h3 Ke6 55. Bb4 g6 56. Kf4 Kd5 57. Bf8 h5 58. gxh5 gxh5 59. Be7 Kd4 60. Bf6+ Kd3 61. Be7 Ng1 62. h4 Ne2+ 63. Kg5 Kd2 64. Kxh5 Ke1 65. Kg4 Kxf2 66. h5 e3 67. Bc5 Nc3 68. h6 Ne4 69. Bxe3+ Kxe3 0-1

[Event "Brasilia FBX op"]
[Site "Brasilia"]
[Date "2015.02.28"]
[Round "2"]
[White "Santos, Samuel Silva"]
[Black "Maciel, Diogo Alves"]
[Result "0-1"]
[WhiteElo "1621"]
[BlackElo "1703"]
[PlyCount "60"]
[EventDate "2015.02.27"]
[EventType "swiss"]
[EventRounds "5"]
[EventCountry "BRA"]
[SourceTitle "CBM 165 Extra"]
[Source "ChessBase"]
[SourceDate "2015.04.21"]
[SourceVersion "1"]
[SourceVersionDate "2015.04.21"]
[SourceQuality "1"]

1. d4 Nf6 2. c4 e6 3. Nc3 d5 4. e3 Be7 5. Be2 0-0 6. Nf3 b6 7. 0-0 Bb7 8. h3 Ne4 9. Nxe4 dxe4 10. Nd2 f5 11. f3 Bg5 12. Nb3 a5 13. Bd2 a4 14. Nc1 Nc6 15. fxe4 Nxd4 16. exd4 Qxd4+ 17. Kh1 Qxd2 18. Qxd2 Bxd2 19. exf5 exf5 20. Nd3 Rfe8 21. Bf3 Be4 22. Nf2 Bxf3 23. gxf3 Re2 24. Nd3 Rd8 25. Nf2 Be3 26. Nd1 Bf4 27. Rf2 Re1+ 28. Kg2 Rdxd1 29. Rxd1 Rxd1 30. Re2 Rd2 0-1

[Event "Brasilia Terra Viva op"]
[Site "Brasilia"]
[Date "2014.09.19"]
[Round "1"]
[White "Santos, Samuel Silva"]
[Black "Silva, Valdecir Batista"]
[Result "0-1"]
[WhiteElo "1682"]
[BlackElo "1820"]
[PlyCount "42"]
[EventDate "2014.09.19"]
[EventType "swiss"]
[EventRounds "6"]
[EventCountry "BRA"]
[SourceTitle "CBM 162 Extra"]
[Source "ChessBase"]
[SourceDate "2014.10.17"]
[SourceVersion "1"]
[SourceVersionDate "2014.10.17"]
[SourceQuality "1"]

1. d4 e6 2. c4 Nf6 3. Nc3 Bb4 4. Bd2 h6 5. a3 Bxc3 6. Bxc3 0-0 7. e3 d5 8. Nf3 c6 9. cxd5 exd5 10. Be2 Bf5 11. 0-0 Nbd7 12. Bb4 Re8 13. Bd3 Ne4 14. Bxe4 Bxe4 15. Nd2 Nf6 16. Nb3 b6 17. Rc1 Qd7 18. Nd2 Bg6 19. Nf3 Bh5 20. Ne5 Rxe5 21. dxe5 Bxd1 0-1

[Event "Brasilia Abertura op"]
[Site "Brasilia"]
[Date "2014.02.22"]
[Round "2"]
[White "Santos, Samuel Silva"]
[Black "Peixoto da Silva, Alexandre M"]
[Result "0-1"]
[WhiteElo "1718"]
[BlackElo "1809"]
[PlyCount "70"]
[EventDate "2014.02.21"]
[EventType "swiss"]
[EventRounds "5"]
[EventCountry "BRA"]
[SourceTitle "CBM 159 Extra"]
[Source "ChessBase"]
[SourceDate "2014.04.24"]
[SourceVersion "1"]
[SourceVersionDate "2014.04.24"]
[SourceQuality "1"]

1. d4 Nf6 2. Nf3 e6 3. e3 d5 4. Bd3 c5 5. Bb5+ Bd7 6. Bd3 Nc6 7. 0-0 Bd6 8. Nc3 a6 9. e4 cxd4 10. Nxd4 Nxd4 11. Be3 Nc6 12. Bg5 Be7 13. Bf4 dxe4 14. Nxe4 Nxe4 15. Bxe4 0-0 16. Qg4 Bf6 17. Rae1 e5 18. Bh6 Bxg4 19. Be3 Qe7 20. a3 Rfd8 21. f3 Bh5 22. Bb6 Rd2 23. b4 Bg6 24. Bc5 Qe6 25. Rc1 Bxe4 26. fxe4 Qg4 27. Rf2 Rxf2 28. Kxf2 Qf4+ 29. Kg1 Qxc1+ 30. Kf2 Qf4+ 31. Kg1 Qc1+ 32. Kf2 Qf4+ 33. Kg1 Rd8 34. Kh1 Rd1+ 35. Bg1 Qf2 0-1